Cinéma commençant par la lettre U - Statistiques

Statistiques générales
  • Ce quiz a été pris 607 fois
  • Le résultat moyen est 3 sur 8
Statistiques - réponses
Hint Réponse % Correct
Société de production américaine, avec son célèbre globe Universal
92%
Film de Bryan Singer mettant en scène le mystérieux Keyser Söze The Usual Suspects
73%
Acteur ayant interprété Yves Saint Laurent, disparu en 2022 Gaspard Ulliel
67%
Film où ce même Belmondo se lie d'amitié avec Jean Gabin Un singe en hiver
29%
Nom donné au cinéma indépendant, hors des circuits traditionnels Cinéma underground
21%
Muse de Bergman, apparaissant dans Persona et Cris et chuchotements Liv Ullman
13%
Film où Belmondo et Brialy tournent autour d'Anna Karina Une femme est une femme
8%
Film néo-réaliste de 1952, sur un vieil homme et son chien Umberto D.
5%
Aucun quiz correspondant
Distribution des résultats
% des personnes avec chaque résultat
Percentile par nombre de réponses
Votre historique - résultats
Vous n’avez pas pris ce quiz